| 000 | 01348nam a2200301 i 4500 | ||
|---|---|---|---|
| 003 | EG-GICUC | ||
| 005 | 20260426094055.0 | ||
| 008 | 260426s2003 ku ||||fr|||| 00| 0 ara d | ||
| 040 |
_a EG-GICUC _bara _c EG-GICUC _d EG-GICUC _erda |
||
| 041 | 0 | _aara | |
| 082 | 0 | 4 |
_221 _a341.511 _bم ح . ا |
| 092 | 0 | 4 | _221 |
| 099 | _aLaw1 11 341.511 م ح . ا 2003 | ||
| 100 | 0 |
_aمحمد حسن القاسمي _eمؤلف. |
|
| 245 | 1 | 0 |
_aإنشاء المحكمة الجنائية الدولية الدائمة : هل هي خطوة حقيقية لتطوير النظام القانوني الدولي؟ / _cد. محمد حسن القاسمي. |
| 264 | 1 |
_aالكويت : _bمجلس النشر العلمي، _c2003. |
|
| 300 |
_a24 صفحة، _c24 سم. |
||
| 336 |
_2rda content _atext |
||
| 337 |
_2rda media _aComputer |
||
| 338 |
_2rda carrier _aOnline Resource |
||
| 500 | _aمستلة مستخرج من مجلة الحقوق علمية محكمة تصدر عن مجلس النشر العلمي جامعة العدد الاول السنة السابعة والعشرون - محرح 1724ه - مارس 2003 م | ||
| 504 | _a | ||
| 546 | _aالنص باللغة العربية | ||
| 650 | 1 | 4 | _aالقانون الدولي العام |
| 856 | 4 | 0 | _uhttps://fll.law.cu.edu.eg/fulltext/bks/B11-09701.pdf |
| 905 | _a48 | ||
| 942 |
_2ddc _cBK _e21 _n0 |
||
| 999 |
_c73414 _d73414 |
||